| 000 | 00529nam a22001817a 4500 | ||
|---|---|---|---|
| 003 | CEME | ||
| 005 | 20210628202324.0 | ||
| 008 | 210121b xxu||||| |||| 00| 0 eng d | ||
| 020 | _a0-07-222940-3 | ||
| 040 | _c. | ||
| 082 | _a005.3 MAT | ||
| 100 |
_aMatthews, Martin S Matthews, Carole B Poulsen, Erik B _959332 |
||
| 245 | _aThe complete reference microsoft office frontpage 2003 | ||
| 260 |
_aNEW YORK _bMCGRAW HILL _c2003 |
||
| 300 | _aXXIII,774 P | ||
| 650 |
_aMICROSOFT OFFICE FRONTPAGE 2003 _959333 |
||
| 942 |
_cBK _2ddc |
||
| 999 |
_c569342 _d569342 |
||